<?xml version="1.0" encoding="UTF-8"?><?xml-stylesheet type="text/xsl" href="static/style.xsl"?><OAI-PMH xmlns="http://www.openarchives.org/OAI/2.0/" xmlns:xsi="http://www.w3.org/2001/XMLSchema-instance" xsi:schemaLocation="http://www.openarchives.org/OAI/2.0/ http://www.openarchives.org/OAI/2.0/OAI-PMH.xsd"><responseDate>2026-04-13T00:07:10Z</responseDate><request verb="GetRecord" identifier="oai:www.recercat.cat:2072/398310" metadataPrefix="marc">https://recercat.cat/oai/request</request><GetRecord><record><header><identifier>oai:recercat.cat:2072/398310</identifier><datestamp>2025-04-07T00:27:45Z</datestamp><setSpec>com_2072_98</setSpec><setSpec>col_2072_378192</setSpec></header><metadata><record xmlns="http://www.loc.gov/MARC21/slim" xmlns:dcterms="http://purl.org/dc/terms/" xmlns:xsi="http://www.w3.org/2001/XMLSchema-instance" xmlns:doc="http://www.lyncode.com/xoai" xsi:schemaLocation="http://www.loc.gov/MARC21/slim http://www.loc.gov/standards/marcxml/schema/MARC21slim.xsd">
   <leader>00925njm 22002777a 4500</leader>
   <datafield ind2=" " ind1=" " tag="042">
      <subfield code="a">dc</subfield>
   </datafield>
   <datafield ind2=" " ind1=" " tag="720">
      <subfield code="a">Camacho, Montserrat</subfield>
      <subfield code="e">author</subfield>
   </datafield>
   <datafield ind2=" " ind1=" " tag="260">
      <subfield code="c">2013</subfield>
   </datafield>
   <datafield ind2=" " ind1=" " tag="520">
      <subfield code="a">La tesi doctoral de Montserrat Camacho, "La imagen bajo la perspectiva de la cosmovisión: cuatro cosmogramas precolombinos mesoamericanos" llegida a la UAB, ha interpretat quatre diferents cosmogrames, o representacions del cosmos, de quatre cultures, formats i períodes diferents del que s'anomena Mesoamèrica. La comparació entre aquests cosmogrames sembla indicar que les diferents cultures d'aquesta regió comparteixen una cosmovisió similar que té un eix central que ha estat resistent al pas del temps.</subfield>
   </datafield>
   <datafield ind2=" " ind1=" " tag="520">
      <subfield code="a">La tesis doctoral de Montserrat Camacho, "La imagen bajo la perspectiva de la cosmovisión: cuatro cosmogramas precolombinos mesoamericanos" leída en la UAB, ha interpretado cuatro diferentes cosmogramas, o representaciones del cosmos, de cuatro culturas, formatos y períodos diferentes de lo que se llama Mesoamérica. La comparación entre estos cosmogrames parece indicar que las diferentes culturas de esta región comparten una cosmovisión similar que tiene un eje central que ha sido resistente al paso del tiempo.</subfield>
   </datafield>
   <datafield ind2=" " ind1=" " tag="520">
      <subfield code="a">Montserrat Camacho's doctoral dissertation, "La imagen bajo la perspectiva de la cosmovisión: cuatro cosmogramas precolombinos mesoamericanos" read at the UAB, has interpreted four different cosmograms, or representations of the cosmos, from four different cultures, formats and periods of the area called Mesoamerica. The comparison between these cosmogrames suggests that the different cultures of this region share a similar worldview that has a central axis that has been resistant to the passage of time.</subfield>
   </datafield>
   <datafield ind2="0" ind1="0" tag="245">
      <subfield code="a">La cosmovisió mesoamericana</subfield>
   </datafield>
</record></metadata></record></GetRecord></OAI-PMH>